00687nam a22002057a 450000500170000001000150001702000260003203500130005803700130007108200110008410000150009524500450011026000350015527000710019030000330026150000190029494200250031399900170033895201260035520130527120825.0 aENG-107169 a9788120347410c250.00 aEN-90702 bDBAD/PUB a005.13 aSaha, Amit aWrite your first program /cby Amit Saha aNew DelhibPHI Learningcc2013 aRimjhim House,111, Patparganj Industrial EstatebNew Delhie110092 axiii,234p.:c24cm(pbk)bill. aIncludes index 2ddccENmSAHh005.13 c76012d76012 001040718NFICaDBADbDBADd2013-05-23eDBAD / PUBg250.00l0o005.13 SAHpEN-90702r2013-05-23 00:00:00t1v250.00yEN